villes françaises avec le tram - Statistiques

Statistiques générales
  • Ce quiz a été pris 89 fois
  • Le résultat moyen est 20 sur 30
Statistiques - réponses
Longueur du réseau Ville % Correct
196,6km Paris
98%
12,7km Marseille
96%
17,5km Lille
95%
101,1km Lyon
94%
82,3km Bordeaux
93%
17,4km Toulouse
93%
60,5km Montpellier
92%
41,3km Nantes
92%
24,2km Nice
92%
49,7km Strasbourg
92%
14,3km Brest
85%
22,4km Angers
70%
16,2km Caen
70%
19km Dijon
70%
43,7km Grenoble
70%
15,1km Rouen
69%
15,7km Clermont-Ferrand
68%
29,3km Orléans
68%
15,5km Tours
67%
11,2km Reims
65%
16,3km Saint Etienne
64%
13km Le Havre
63%
16,2km Mulhouse
51%
18,9km Le Mans
50%
14,5km Besançon
49%
5,2km Avignon
43%
33,8km Valenciennes
32%
2,8km Aubagne
18%
2km Annemasse (Geneve)
11%
5,6km Saint Louis (Bale)
7%
Aucun quiz correspondant
Distribution des résultats
% des personnes avec chaque résultat
Percentile par nombre de réponses
Votre historique - résultats
Vous n’avez pas pris ce quiz